Didaktika personalistiky
Na minha lista:
| Autor principal: | |
|---|---|
| Autor Corporativo: | |
| Outros Autores: | , |
| Formato: | Livro |
| Idioma: | eslovaco |
| Publicado em: |
Bratislava
Vydavateľstvo EKONÓM
2009
|
| Assuntos: | |
| Tags: |
Sem tags, seja o primeiro a adicionar uma tag!
|
MARC
| LEADER | 00000nam$a2200000$$$4500 | ||
|---|---|---|---|
| 001 | 0104522 | ||
| 005 | 20240502072138.8 | ||
| 020 | |a 978-80-225-2818-4 | ||
| 041 | 0 | |a slo | |
| 044 | |a SK | ||
| 245 | 1 | 0 | |a Didaktika personalistiky |c Jaromír Novák |
| 264 | 1 | |a Bratislava |b Vydavateľstvo EKONÓM |c 2009 | |
| 300 | |a 234 s. | ||
| 610 | 2 | 0 | |a personalistika |
| 610 | 2 | 0 | |a didaktika |
| 610 | 2 | 0 | |a riadenie ľudských zdrojov |
| 610 | 2 | 0 | |a výber pracovníkov |
| 610 | 2 | 0 | |a vzdelávanie ďalšie |
| 610 | 2 | 0 | |a vzdelávanie dospelých |
| 610 | 2 | 0 | |a rekvalifikácia |
| 610 | 2 | 0 | |a stimuly pracovné |
| 610 | 2 | 0 | |a motivácia pracovná |
| 610 | 2 | 0 | |a odmeňovanie |
| 610 | 2 | 0 | |a vzťahy pracovné |
| 100 | 1 | |a Novák, Jaromír, 1978- | |
| 700 | 1 | |a Velichová, Ľudmila | |
| 700 | 1 | |a Tóthová, Zuzana | |
| 710 | 2 | |a Ekonomická univerzita v Bratislave. Národohospodárska fakulta | |